WW2 Battleships and Battlecruisers - Statistics

General Stats
  • This quiz has been taken 1,143 times
    1,129 since last reset
  • The average score is 39 of 84
Answer Stats
Nation Ship Displacement % Correct
Germany Bismarck 50,300 t
89%
Japan Yamato 62,315 t
86%
UK Hood 47,429 t
81%
USA Iowa 48,500 t
80%
Germany Tirpitz 52,600 t
78%
USA Arizona 31,400 t
75%
USA Missouri 48,500 t
72%
UK Prince of Wales 37,320 t
70%
Germany Scharnhorst 38,100
70%
USA Texas 27,200 t
68%
Japan Musashi 62,315 t
67%
USA New Jersey 48,500 t
67%
UK King George V 37,320 t
65%
USA New York 27,200 t
65%
USA North Carolina 35,000 t
64%
USA Washington 35,000 t
62%
USA California 32,300 t
61%
Germany Gneisenau 38,100
61%
USA South Dakota 38,000 t
60%
UK Queen Elizabeth 27,940 t
58%
Italy Roma 46,215 t
58%
USA Alabama 38,000 t
57%
Japan Kongo 32,156 t
56%
USA Nevada 27,500 t
56%
France Richelieu 44,698 t
56%
USA Wisconsin 48,500 t
56%
USA New Mexico 32,000 t
54%
UK Repulse 32,737 t
54%
UK Warspite 27,940 t
54%
USA Colorado 32,600 t
52%
Japan Nagato 32,720 t
52%
UK Nelson 34,440 t
52%
USA Oklahoma 27,500 t
52%
UK Renown 32,737 t
51%
UK Rodney 34,440 t
51%
UK Duke of York 37,320 t
50%
Japan Fuso 29,326 t
50%
USA Pennsylvania 31,400 t
50%
USA West Virginia 32,600 t
49%
USA Massachusetts 38,000 t
47%
USA Tennessee 32,300 t
47%
USA Alaska 30,249 t
46%
France Jean Bart 44,698 t
46%
UK Royal Oak 28,450 t
46%
USA Arkansas 26,000 t
45%
France Dunkerque 35,500 t
44%
USA Indiana 38,000 t
44%
Japan Ise 31,760 t
44%
USA Maryland 32,600 t
44%
Italy Vittorio Veneto 45,752 t
44%
Italy Littorio 45,962 t
43%
UK Howe 37,320 t
41%
USA Mississippi 32,000 t
40%
USA Idaho 32,000 t
39%
Japan Kirishima 32,156 t
38%
UK Revenge 28,450 t
38%
UK Barham 27,940 t
37%
Japan Hiei 32,156 t
37%
Japan Mutsu 32,720 t
36%
UK Anson 37,320 t
35%
UK Malaya 27,940 t
34%
UK Royal Sovereign 28,450 t
34%
France Strasbourg 36,380 t
34%
Japan Yamashiro 29,326 t
34%
Japan Haruna 32,156 t
33%
Japan Hyuga 31,760 t
33%
UK Valiant 27,940 t
32%
France Bretagne 26,600 t
31%
Italy Andrea Doria 25,126 t
30%
Italy Giulio Cesare 25,199 t
30%
Italy Conte di Cavour 24,639 t
28%
UK Ramillies 28,450 t
28%
USA Guam 30,249 t
27%
France Paris 25,579 t
25%
UK Resolution 28,450 t
25%
Germany Schleswig-Holstein 14,218 t
25%
France Courbet 25,579 t
20%
France Lorraine 26,600 t
19%
USSR Marat 24,792 t
19%
France Provence 26,600 t
18%
Italy Caio Duilio 25,112 t
15%
Germany Schlesien 14,218 t
14%
USSR Oktyabrskaya Revolutsiya 24,792 t
9%
USSR Parizhskaya Kommuna 24,792 t
8%
No matching quizzes found
Score Distribution
Percent of People with Each Score
Percentile by Number Answered
Your Score History
You have not taken this quiz since the last reset